[Event "SVK-ch U14"]
[Site "Liptovsky Mikulas"]
[Date "2005.04.12"]
[Round "2"]
[White "Kmec, Tomas"]
[Black "Bojtos, Patrik"]
[Result "0-1"]
[WhiteElo "1403"]
[BlackElo "1562"]
[PlyCount "74"]
[EventDate "2005.04.11"]
[EventType "swiss"]
[EventRounds "9"]
[EventCountry "SVK"]
[SourceTitle "EXT 2008"]
[Source "ChessBase"]
[SourceDate "2007.11.25"]
[SourceVersion "1"]
[SourceVersionDate "2007.11.25"]
[SourceQuality "1"]

1. e4 e6 2. d4 d5 3. exd5 exd5 4. Nf3 Bg4 5. Be2 Nf6 6. Bg5 Be7 7. h3 Bxf3 8. Bxf3 Nc6 9. c3 Nd7 10. Be3 Nb6 11. b3 Bg5 12. 0-0 0-0 13. Qd2 Bxe3 14. fxe3 Qd6 15. Qd3 Nd7 16. Nd2 Nf6 17. e4 dxe4 18. Nxe4 Nxe4 19. Bxe4 g6 20. g4 Rab8 21. Rf2 Kg7 22. Raf1 f6 23. Rg2 Nd8 24. h4 Ne6 25. Qd2 c6 26. Bf5 Rbc8 27. Bxe6 Qxe6 28. Re1 Qd6 29. h5 Rfe8 30. hxg6 Rxe1+ 31. Qxe1 hxg6 32. Qe3 Rh8 33. c4 Kf7 34. d5 c5 35. Kf2 Rh2 36. Kf3 Rh3+ 37. Kf2 Rxe3 0-1

[Event "SVK-ch U14"]
[Site "Liptovsky Mikulas"]
[Date "2005.04.11"]
[Round "1"]
[White "Bojtos, Patrik"]
[Black "Peitl, Tomas"]
[Result "1/2-1/2"]
[WhiteElo "1350"]
[BlackElo "1611"]
[PlyCount "54"]
[EventDate "2005.04.11"]
[EventType "swiss"]
[EventRounds "9"]
[EventCountry "SVK"]
[SourceTitle "EXT 2008"]
[Source "ChessBase"]
[SourceDate "2007.11.25"]
[SourceVersion "1"]
[SourceVersionDate "2007.11.25"]
[SourceQuality "1"]

1. e4 e5 2. Nf3 Nc6 3. Bc4 Bc5 4. c3 Nf6 5. d4 exd4 6. cxd4 Bb4+ 7. Bd2 Bxd2+ 8. Nbxd2 d5 9. exd5 Nxd5 10. Qb3 Na5 11. Qa4+ c6 12. Bxd5 Qxd5 13. 0-0 0-0 14. Rfe1 Qb5 15. Qxb5 cxb5 16. d5 Bf5 17. Nd4 Bd3 18. Rac1 Rac8 19. b4 Nc4 20. Nxc4 bxc4 21. Nb5 a6 22. Nc3 Rfe8 23. f3 Kf8 24. Kf2 Re7 25. Rxe7 Kxe7 26. Re1+ Kd6 27. Re3 b6 1/2-1/2